000 01218nam a22002297a 4500
999 _c60944
_d60944
003 Ge_BSU
005 20231129103359.0
008 231128s2022 ge ||||| |||| 00| 0 geo d
020 _a9789941842085
041 _ageo
080 _a551.7(479.222.4) ხ-71
100 _aხომერიკი, გურამ
_920481
245 _aგურიის რეგიონის გეოლოგიური აგებულება და სასარგებლო წიაღისეული /
_cგურამ ხომერიკი, თენგიზ შარაშიძე; რედ. კარლო აქიმიძე.
264 _aთბილისი:
_bივერიონი,
_c2022.
300 _a132 გვ. :
_b21 სმ.
500 _aპარალ სათ. რუსულ ენაზე
653 _aსაქართველოს გეოლოგია
653 _aგურიის რეგიონის სტრატიგრაფია
700 _aშარაშიძე, თენგიზ
_eავტორი
_920489
700 _aაქიმიძე, კარლო
_eრედაქტორი
_920482
942 _2udc
_cᲬᲘᲒᲜᲘ